00715nam a2200241 a 4500001001300000003000900013005001700022008004100039020002300080082001500103100001800118245006400136260002900200300000900229500003500238505001200273650001200285700001800297902000800315942000700323952012800330999001500458nice12345678IN_TiNIC20260116012245.0050524s1989 lona grp 000 0 eng  a0334277 c10000a296.4bGRE aGreen, Arthur aJewish Spirituality from the Bible Through the Middle Ages. aLondonbScm Press c1989 a450p aincludes index and biblioraphy2 aIndexes aJudaism1 aGreen, Arthur bSRS cBK 001040708StackRoom-aHMIbHMId2007-07-27g100.00l1o296.4 GREp013587r2017-08-07s2017-08-07v100.00w2005-05-24yBK c6269d6269